000 00327nam a2200133Ia 4500
005 20260328104320.0
008 260328s9999||||xx |||||||||||||| ||und||
100 _aBrowne, Enrique
245 0 _aCasas y Escritos /
_cEnrique Browne
260 _bTaller de América
300 _a153 p.
650 _aARQUITECTURA
942 _cBK
999 _c11333
_d11333